Revoluce v účetním software?
Základná informácia o softwarovom produkte New Wiews, vyvinutom v roku 1985 v Kanade. Zásadne iný prístup k účtovníctvu a jeho odlišnosti i výhody. Charakteristika a hierarchia systému. Účtovné obdobie. Ovládanie systému. Programovací jazyk a ostatné funkcie. Technické požiadavky a dokumentácia.
Salvato in:
| Autore principale: | |
|---|---|
| Natura: | Capitolo di libro |
| Lingua: | ceco |
| Soggetti: | |
| Tags: |
Nessun Tag, puoi essere il primo ad aggiungerne!!
|
MARC
| LEADER | 00000naa a2200000 4500 | ||
|---|---|---|---|
| 001 | r008137 | ||
| 005 | 20220831085435.3 | ||
| 041 | 0 | |a cze | |
| 044 | |a [CS] | ||
| 245 | 1 | 0 | |a Revoluce v účetním software? |c I. Zelenka |
| 520 | |a Základná informácia o softwarovom produkte New Wiews, vyvinutom v roku 1985 v Kanade. Zásadne iný prístup k účtovníctvu a jeho odlišnosti i výhody. Charakteristika a hierarchia systému. Účtovné obdobie. Ovládanie systému. Programovací jazyk a ostatné funkcie. Technické požiadavky a dokumentácia. | ||
| 610 | 2 | 0 | |a účtovníctvo |
| 610 | 2 | 0 | |a využitie počítačov |
| 610 | 2 | 0 | |a softvér |
| 610 | 2 | 0 | |a 1985 |
| 610 | 2 | 0 | |a jazyky programovacie |
| 610 | 2 | 0 | |a New Wiews |
| 610 | 2 | 0 | |a hardvér |
| 100 | 1 | |a Zelenka, I. | |